000 00581nam a2200229 a 4500
001 53310
003 BD-RjUL
005 20211209075937.0
008 190225s1950 nyua b 101 0 eng d
035 _a(BD-RjUL)53430
040 _dBD-RjUL
_beng
_aBD-RjUL
_cBD-RjUL
041 _aeng
082 0 0 _223
_a959.1
_bHAB 1950
100 _aHall, D.G.E.
_9228572
245 0 0 _aBurma /
_cby D.G.E. Hall.
260 _aNew York :
_bHutchinson,
_c1950.
300 _a184 p. :
_bill. ;
_c19 cm.
500 _aIncludes index.
650 _aBurma
_9228573
942 _2ddc
_cBK
999 _c53310
_d53310